00437nam a2200145Ia 4500008004100000020002200041041000800063082001900071100001900090245008400109250001200193260004800205300001000253650002800263230711s9999||||xx |||||||||||||| ||und|| a978-0-521-12735-6 aENG a621.3815bKA-D aKaeslin,Hubert 0aDigiatl integrated circuits design : from VLSI Architecture to CMOS fabrication a1st Ed. c2008aNew DelhibCambridge University Press a845p. aElectronics Engineering